| 000 | 00729nam a22002057a 4500 | ||
|---|---|---|---|
| 999 |
_c521 _d521 |
||
| 003 | AR-CdUCM | ||
| 008 | 190223b ||||| |||| 00| 0 spa d | ||
| 040 |
_aMUNICIPALIDAD PROVINCIAL DEL CUSCO _cBIBLIOTECA MUNICIPAL DEL CUSCO |
||
| 082 |
_a980.04 / _bR81 |
||
| 100 |
_aRomero, Francisco Fray _92033 |
||
| 245 | _aLlanto sagrado de la américa meridional / | ||
| 260 |
_aPerú : _bBiblioteca nacional del Perú; _c1988. |
||
| 300 |
_a97 paginas ; _c20 cm. |
||
| 505 | _aDefensa del Nuevo Mundo ante el Rey de España --Situación de las colonias ... | ||
| 650 |
_aCartografía meridional _92034 |
||
| 650 |
_aCartografía espiritual _92035 |
||
| 650 |
_aEspacio andino _92036 |
||
| 942 |
_2ddc _cLIBROS |
||
| 945 |
_arjall _d2019-02-23 |
||